| 000 | 00729nam a22002297a 4500 | ||
|---|---|---|---|
| 003 | UA-OsUOA | ||
| 001 | 42229 | ||
| 007 | ta | ||
| 008 | 20081203b un ||||| |||| 00| 0 ukr d | ||
| 090 |
_a94(477).152(К) _bД22 |
||
| 942 | _cBK | ||
| 040 |
_aUA-OsUOA _bukr _cUA-OsUOA _dUA-OsUOA |
||
| 245 |
_a12-тий Конгрес українців Канади _b7, 8, 9 і 10 жовтня 1977 |
||
| 300 | _a50 с. | ||
| 955 | _a4 | ||
| 041 | _aukr | ||
| 080 | _a94(477).152(К) | ||
| 260 | _aВінніпег | ||
| 246 | 3 | 1 | _aЗвіти провінційних рад і відділів КУК. Три роки праці (1975-1976-1977) |
| 650 | 7 |
_a9 Географія. Біографії. Історія _2UDC |
|
| 999 |
_c440728 _d440728 |
||